000 01336cam a22002294a 4500
005 20250605163935.0
008 250528s ||||||||||||||||||||||||d
035 _a14842
020 _a335158676
040 _aGR-AtMCL
_bgre
_dGR-AtMCL
_eAACR2
245 1 _aNegotiating Control / A Study of News Sources
250 _a1st
260 _bOpen University Press,
_c1989
300 _a430
520 _aThe definitive book on the subject...''a tour de force''. Acknowledgements, Negotiating the News, The Significance of News Sources, Research Questions, Research Approaches, The Courts, New Culture and Ideas, Regions and Closures, Influences of News Text, The Police, The Legislature, The Private Sector, The News Media, Limitations on Seeking Remedies for Unreasonable Coverage, Remedies External to News Organizations, Remedies Internal to News Organizations, Letters to the Editor: Format and Functions, Letters to the Editor: The Editor's Decisions, Negotiating Control, Policing Knowledge, Controlling Organizational Life, Variation Among Source Organizations, Variation Among News Organizations, Implications for the Knowledge Society, References, Index.
700 1 _aBaranek Patricia M.
_9610
700 1 _aChan Janet B.L
_9611
700 1 _aEricson Richard V
_9612
942 _cBK
999 _c454
_d454